Playboi Carti - Whole Lotta Red (Tracklist) - Statistics

General Stats
  • This quiz has been taken 427 times
  • The average score is 11 of 24
Answer Stats
Order Track % Correct
1. Rockstar Made
97%
2. Go2DaMoon
82%
3. Stop Breathing
78%
4. Beno!
66%
5. JumpOutTheHouse
57%
6. M3tamorphosis
48%
7. Slay3r
47%
24. F33l Lik3 Dyin
46%
19. Sky
46%
9. New Tank
45%
8. No Sl33p
43%
10. Teen X
43%
12. Vamp Anthem
42%
21. ILoveUIHateU
40%
22. Die4Guy
38%
23. Not PLaying
38%
20. Over
38%
11. Meh
37%
14. Control
35%
17. King Vamp
35%
13. New N3on
35%
16. On That Time
35%
18. Place
35%
15. Punk Monk
35%
No matching quizzes found
Score Distribution
Percent of People with Each Score
Percentile by Number Answered
Your Score History
You have not taken this quiz